000 00301nam a22001337a 4500
008 170613b xxu||||| |||| 00| 0 eng d
020 _a0465071546
041 _aeng
080 _a94(4)
100 _a17
101 _aSHH
245 _aTHE RUSSIAN REVOLUTIONS OF 1917
_cSCHAPIRO,L
942 _2udc
_cBK
999 _c17232
_d17232